Can You Name The Vampire Diaries Characters Quiz Stats

 Plays Quiz not verified by Sporcle

Score 0/100 Timer 12:00
0 Plays Today
% Correct
Elena
99.4%
Stefan
88%
Damon
86.3%
Jeremy
86.2%
Bonnie
81.1%
Caroline
80%
Jenna
79.1%
Alaric
78.7%
Katherine
69.8%
Matt
69.1%
Liz
66.5%
Klaus
64.3%
Isobel
60.3%
Rebekah
59.5%
Elijah
56.1%
Vicki
52.8%
Finn
52.1%
Hayley
51.5%
Kai
49.6%
Grayson
48.6%
Esther
48.2%
Anna
47.8%
Mikael
47.1%
Jo
47%
Emily
46.8%
Lexi
45.1%
Liv
43.2%
Miranda
43.1%
Silas
43%
Sheila
42.7%
Abby
42.6%
Bill
41%
Luke
40.5%
Rose
40.5%
% Correct
Lily
40.4%
Pearl
39.8%
Sarah
39.6%
John
39.3%
Amara
38.8%
April
38.4%
Josie
36.2%
Lizzie
36.1%
Marcel
35.5%
Valerie
33.7%
Nora
32.9%
Nadia
32.9%
Tom
32.7%
Tatia
32.1%
Sybil
31.6%
Kelly
31.4%
Davina
31.1%
Mary Louise
30.7%
Logan
30.7%
Enzo
30.6%
Jules
28.1%
Giuseppe
27%
Luka
26.6%
Cade
26.4%
Zach
26%
Shane
25.7%
Kol
24%
Julian
23.7%
Beau
23.5%
Connor
23.4%
Rudy
23.2%
Andie
23.1%
Jamie
22.4%
Liam
22.1%
% Correct
Henrik
21.6%
Jesse
20.1%
Ben
19.7%
Markos
19.6%
Rayna
19.1%
Seline
18.7%
Peter
18.1%
Tessa
17.5%
Trevor
17%
Jonas
15.6%
Greta
15%
Ivy
14.8%
Wes
14.4%
Sage
13%
Oscar
12.9%
Harper
12.8%
Bree
12.4%
Aaron
12.4%
Lucy
12.2%
Mary
11.3%
Charlotte
10.2%
Henry
9.6%
Slater
8.8%
Monique
8.7%
William
7.9%
Aimee
7.7%
Ray
7.7%
Noah
6.6%
Bea
6.3%
Georgina
5.8%
Maddox
4.4%
Dorian
4%

You're not logged in!

Compare scores with friends on all Sporcle quizzes.
OR
Log In

Sporcle TV

Today on Sporcle TV


Watch our educational content, quiz creation guides, and fun videos on Sporcle TV.

Show Comments

Extras

Top Quizzes Today


Score Distribution

Your Account Isn't Verified!

In order to create a playlist on Sporcle, you need to verify the email address you used during registration. Go to your Sporcle Settings to finish the process.

Report this User

Report this user for behavior that violates our Community Guidelines.

Details: